Countries that end in IA - Statistics

General Stats
  • This quiz has been taken 827 times
    789 since last reset
  • The average score is 28 of 38
Answer Stats
Answer % Correct
Australia
90%
Albania
86%
Austria
86%
Algeria
84%
India
83%
Indonesia
83%
Latvia
83%
Lithuania
82%
Slovenia
82%
Bulgaria
81%
Slovakia
81%
Armenia
80%
Romania
80%
Russia
79%
Serbia
79%
Zambia
79%
Estonia
78%
Namibia
78%
Tanzania
78%
Bolivia
75%
Somalia
75%
Croatia
74%
Cambodia
73%
Malaysia
73%
Colombia
72%
Ethiopia
71%
The Gambia
71%
Tunisia
71%
Nigeria
70%
Liberia
68%
Macedonia
67%
Mauritania
67%
Syria
67%
Georgia
66%
Mongolia
65%
Saudi Arabia
63%
Federated States of Micronesia
50%
Saint Lucia
39%
No matching quizzes found
Score Distribution
Percent of People with Each Score
Percentile by Number Answered
Your Score History
You have not taken this quiz since the last reset